[Event "COL sub zt 2.3.4"]
[Site "La Dorada"]
[Date "2016.11.03"]
[Round "3"]
[White "Prieto, Ernesto"]
[Black "Otalora Pacheco, Carlos Eduardo"]
[Result "1-0"]
[WhiteElo "2057"]
[BlackElo "2213"]
[PlyCount "91"]
[EventDate "2016.11.02"]
[EventType "swiss"]
[EventRounds "9"]
[EventCountry "COL"]
[SourceTitle "CBM 175 Extra"]
[Source "ChessBase"]
[SourceDate "2016.12.12"]
[SourceVersion "1"]
[SourceVersionDate "2016.12.12"]
[SourceQuality "1"]

1. e4 e5 2. Nf3 Nc6 3. Bb5 a6 4. Ba4 Nf6 5. Nc3 b5 6. Bb3 Na5 7. 0-0 Be7 8. d3 d6 9. h3 0-0 10. Ne2 h6 11. Ng3 Re8 12. c3 Nxb3 13. Qxb3 Bf8 14. Be3 d5 15. Rad1 c5 16. Rfe1 Be6 17. Qc2 Qc7 18. b3 Nd7 19. Qc1 Qa5 20. Re2 d4 21. Bd2 Qxa2 22. Nh4 Qxb3 23. Nhf5 Bxf5 24. Nxf5 Qe6 25. g4 Rac8 26. Kh2 c4 27. dxc4 Rxc4 28. Rg1 Kh7 29. f3 Rc6 30. Reg2 Rec8 31. Qe1 dxc3 32. Bc1 g5 33. h4 f6 34. hxg5 fxg5 35. Kg3 Qg8 36. Rh1 Rg6 37. Rgh2 Rcc6 38. Qd1 Nc5 39. Qd8 Bg7 40. Qe7 Qf8 41. Qa7 Rcf6 42. Bxg5 Rf7 43. Bxh6 Rxa7 44. Bxg7+ Kg8 45. Rh8+ Kf7 46. Bxf8 1-0

[Event "Barcelona Sant Marti op-A 18th"]
[Site "Barcelona"]
[Date "2016.07.20"]
[Round "8"]
[White "Prieto, Ernesto"]
[Black "Snehal, Bohosale"]
[Result "0-1"]
[WhiteElo "2064"]
[BlackElo "2150"]
[PlyCount "60"]
[EventDate "2016.07.13"]
[EventType "swiss"]
[EventRounds "9"]
[EventCountry "ESP"]
[SourceTitle "CBM 173 Extra"]
[Source "ChessBase"]
[SourceDate "2016.08.29"]
[SourceVersion "1"]
[SourceVersionDate "2016.08.29"]
[SourceQuality "1"]

1. e4 c5 2. Nf3 d6 3. d4 cxd4 4. Nxd4 Nf6 5. Nc3 Nc6 6. Bc4 e6 7. Bb3 Be7 8. 0-0 0-0 9. Be3 a6 10. f4 Qc7 11. Kh1 b5 12. e5 dxe5 13. Nxc6 Qxc6 14. fxe5 Bb7 15. Rf2 Rad8 16. Qe2 Nd7 17. Bd4 Nc5 18. Bxc5 Bxc5 19. Rf3 Bd4 20. Raf1 b4 21. Nd1 Qc5 22. Rd3 Qxe5 23. Qd2 Bb6 24. Re1 Rxd3 25. cxd3 Qh5 26. Ne3 Qh4 27. Nf1 Rd8 28. Qe2 Qd4 29. Ng3 Qxd3 30. Qg4 Qd2 0-1

[Event "COL pre olympic sf"]
[Site "Bogota"]
[Date "2016.05.27"]
[Round "4"]
[White "Prieto, Ernesto"]
[Black "Garavito, Miguel Angel"]
[Result "0-1"]
[WhiteElo "2077"]
[BlackElo "2246"]
[PlyCount "52"]
[EventDate "2016.05.25"]
[EventType "swiss"]
[EventRounds "9"]
[EventCountry "COL"]
[SourceTitle "CBM 172 Extra"]
[Source "ChessBase"]
[SourceDate "2016.06.21"]
[SourceVersion "1"]
[SourceVersionDate "2016.06.21"]
[SourceQuality "1"]

1. e4 e5 2. Nf3 Nc6 3. Nc3 Nf6 4. d4 exd4 5. Nd5 Nxe4 6. Qe2 f5 7. Ng5 d3 8. cxd3 Nd4 9. Qh5+ g6 10. Qh4 c6 11. dxe4 cxd5 12. exd5 Bg7 13. Kd1 h6 14. Nf3 Qxh4 15. Nxh4 Kf7 16. d6 b5 17. Be3 a6 18. Bd3 Bb7 19. Re1 Rhe8 20. Rc1 Re6 21. Rc7 Bc6 22. Nf3 Nxf3 23. gxf3 Rxd6 24. Kc2 Re6 25. Bd2 Rxe1 26. Bxe1 Be5 0-1

[Event "COL pre olympic sf"]
[Site "Bogota"]
[Date "2016.05.27"]
[Round "5"]
[White "Salcedo Perez, Pablo Esteban"]
[Black "Prieto, Ernesto"]
[Result "1-0"]
[WhiteElo "2001"]
[BlackElo "2077"]
[PlyCount "71"]
[EventDate "2016.05.25"]
[EventType "swiss"]
[EventRounds "9"]
[EventCountry "COL"]
[SourceTitle "CBM 172 Extra"]
[Source "ChessBase"]
[SourceDate "2016.06.21"]
[SourceVersion "1"]
[SourceVersionDate "2016.06.21"]
[SourceQuality "1"]

1. d4 Nf6 2. c4 g6 3. Nc3 d5 4. cxd5 Nxd5 5. e4 Nxc3 6. bxc3 Bg7 7. Bc4 0-0 8. Ne2 c5 9. Be3 cxd4 10. cxd4 Nc6 11. 0-0 Bg4 12. f3 Na5 13. Bd5 Bd7 14. Rb1 Bc6 15. Bxc6 bxc6 16. Qa4 Qc7 17. Rfc1 Rfb8 18. Rxb8+ Rxb8 19. Bd2 Nb7 20. Rxc6 Qd8 21. d5 Nd6 22. Bf4 Rb1+ 23. Kf2 h6 24. e5 Nb5 25. Qc2 Na3 26. Qc5 Kh7 27. Qxa3 Qxd5 28. Rc1 Rb7 29. Rc5 Qd1 30. Qc1 Qa4 31. Qc2 Qa3 32. Bc1 Qa6 33. Qc4 Qb6 34. Be3 Qb1 35. Qxf7 Rb2 36. Rc8 1-0

[Event "COL pre olympic sf"]
[Site "Bogota"]
[Date "2016.05.25"]
[Round "1"]
[White "Prieto, Ernesto"]
[Black "Zuluaga Mancilla, Cesar"]
[Result "0-1"]
[WhiteElo "2077"]
[BlackElo "2323"]
[PlyCount "138"]
[EventDate "2016.05.25"]
[EventType "swiss"]
[EventRounds "9"]
[EventCountry "COL"]
[SourceTitle "CBM 172 Extra"]
[Source "ChessBase"]
[SourceDate "2016.06.21"]
[SourceVersion "1"]
[SourceVersionDate "2016.06.21"]
[SourceQuality "1"]

1. e4 c5 2. Nf3 e6 3. d4 cxd4 4. Nxd4 a6 5. Bd3 Nf6 6. 0-0 Qc7 7. Re1 d6 8. c4 Nc6 9. Nxc6 bxc6 10. Nc3 Be7 11. Be3 Rb8 12. b3 c5 13. Bf4 Nd7 14. Rc1 Ne5 15. Bb1 0-0 16. Bg3 Rd8 17. f4 Nc6 18. Qg4 Nd4 19. f5 Bf6 20. e5 exf5 21. exd6 Qc6 22. Qh3 Be6 23. Ne2 Rbc8 24. Nxd4 Bxd4+ 25. Kh1 g6 26. Bf4 Bg7 27. Rcd1 Rd7 28. Rd2 Rcd8 29. Qg3 Bf8 30. Red1 a5 31. h4 a4 32. h5 axb3 33. axb3 Bg7 34. hxg6 fxg6 35. Re2 Bf7 36. Rde1 Ra8 37. Re7 Rxe7 38. dxe7 Re8 39. Bc7 Be6 40. Qd6 Bd7 41. Qd5+ Kh8 42. Bd6 Bd4 43. Be5+ Bxe5 44. Qxe5+ Kg8 45. b4 Kf7 46. bxc5 Qf6 47. c6 Bxc6 48. c5 Qxe5 49. Rxe5 Rxe7 50. Ba2+ Kf6 51. Rxe7 Kxe7 52. Bg8 h6 53. Kg1 Kf6 54. Kf2 Ke5 55. Bf7 g5 56. g3 f4 57. gxf4+ Kxf4 58. Bg6 g4 59. Bh5 g3+ 60. Kg1 Ke5 61. Bg6 Kd4 62. Bf7 Kxc5 63. Bg6 Kd4 64. Bf7 Ke3 65. Bg6 Bf3 66. Bf7 h5 67. Bc4 Kf4 68. Bb5 h4 69. Bf1 Kg4 0-1

[Event "COL pre olympic sf1"]
[Site "Medellin"]
[Date "2016.03.25"]
[Round "6"]
[White "Dominguez, Ramiro"]
[Black "Prieto, Ernesto"]
[Result "1/2-1/2"]
[WhiteElo "2213"]
[BlackElo "2052"]
[PlyCount "79"]
[EventDate "2016.03.22"]
[EventType "swiss"]
[EventRounds "9"]
[EventCountry "COL"]
[SourceTitle "CBM 171 Extra"]
[Source "ChessBase"]
[SourceDate "2016.04.26"]
[SourceVersion "1"]
[SourceVersionDate "2016.04.26"]
[SourceQuality "1"]

1. e4 e5 2. Nf3 Nc6 3. Bb5 f5 4. Nc3 Nf6 5. Qe2 Be7 6. Bxc6 dxc6 7. Nxe5 fxe4 8. Nxe4 0-0 9. Qc4+ Nd5 10. d4 Bf5 11. Ng3 Be6 12. Qe2 Qe8 13. Bd2 Bd6 14. 0-0-0 Bxe5 15. dxe5 Qg6 16. f3 a5 17. a3 b5 18. Ne4 Nb6 19. Be3 Nc4 20. Bd4 Rfb8 21. h4 Bf7 22. Ng5 Bd5 23. Rdf1 b4 24. a4 b3 25. c3 Na3 26. Ne4 Nc2 27. Qd3 Nxd4 28. Qxd4 Rd8 29. Rf2 c5 30. Nxc5 Bxf3 31. Qe3 Bh5 32. Rhf1 Qg4 33. Qe1 Qc4 34. Qe3 Rd5 35. Qg5 Qxc5 36. Qxh5 Qe3+ 37. Kb1 Qe4+ 38. Kc1 Qe3+ 39. Kb1 Qe4+ 40. Kc1 1/2-1/2

[Event "Villamaria Nacional U2200"]
[Site "Villamaria"]
[Date "2015.12.05"]
[Round "4.2"]
[White "Molina, Gildardo"]
[Black "Prieto, Ernesto"]
[Result "0-1"]
[WhiteElo "2052"]
[BlackElo "2044"]
[PlyCount "60"]
[EventDate "2015.12.04"]
[EventType "swiss"]
[EventRounds "7"]
[EventCountry "COL"]
[SourceTitle "EXT 2024"]
[Source "ChessBase"]
[SourceDate "2023.10.10"]
[SourceVersion "1"]
[SourceVersionDate "2023.10.10"]
[SourceQuality "1"]

1. e4 e5 2. Nf3 Nc6 3. Bc4 Nf6 4. d4 exd4 5. 0-0 Bc5 6. e5 d5 7. exf6 dxc4 8. fxg7 Rg8 9. Re1+ Be6 10. Ng5 Qd5 11. Nc3 Qf5 12. Nce4 Be7 13. g4 Qg6 14. f4 0-0-0 15. f5 Bxf5 16. gxf5 Qxg7 17. f6 Bxf6 18. Qg4+ Kb8 19. Nxf6 Qxf6 20. Rf1 Qe7 21. Bf4 h6 22. h4 hxg5 23. hxg5 a6 24. Rae1 Qc5 25. Kg2 Qd5+ 26. Kg3 d3 27. cxd3 cxd3 28. Bd2 Nd4 29. Re4 Ne2+ 30. Kf2 f5 0-1

[Event "Villamaria Nacional U2200"]
[Site "Villamaria"]
[Date "2015.12.04"]
[Round "2.4"]
[White "Oliveros, Camilo"]
[Black "Prieto, Ernesto"]
[Result "0-1"]
[WhiteElo "1719"]
[BlackElo "2044"]
[PlyCount "60"]
[EventDate "2015.12.04"]
[EventType "swiss"]
[EventRounds "7"]
[EventCountry "COL"]
[SourceTitle "EXT 2024"]
[Source "ChessBase"]
[SourceDate "2023.10.10"]
[SourceVersion "1"]
[SourceVersionDate "2023.10.10"]
[SourceQuality "1"]

1. e4 e5 2. Nf3 Nc6 3. Bb5 a6 4. Ba4 Nf6 5. 0-0 Nxe4 6. Re1 Nc5 7. Bxc6 dxc6 8. Nxe5 Be7 9. Nc3 0-0 10. d4 Ne6 11. Be3 Bb4 12. Qd3 f6 13. Nf3 Bxc3 14. Qxc3 Qd5 15. Rad1 Bd7 16. b3 Rae8 17. Qd3 Ng5 18. Nxg5 fxg5 19. c4 Qf7 20. Rf1 Bf5 21. Qd2 h6 22. f4 g4 23. Rde1 Re7 24. Qc3 Rfe8 25. Bc1 Re2 26. Rxe2 Rxe2 27. Bd2 Qh5 28. Re1 g3 29. hxg3 Be4 30. Kf1 Bxg2+ 0-1

[Event "Villamaria Nacional U2200"]
[Site "Villamaria"]
[Date "2015.12.04"]
[Round "1.5"]
[White "Prieto, Ernesto"]
[Black "Castano Orrego, Simon"]
[Result "1-0"]
[WhiteElo "2044"]
[BlackElo "1579"]
[PlyCount "59"]
[EventDate "2015.12.04"]
[EventType "swiss"]
[EventRounds "7"]
[EventCountry "COL"]
[SourceTitle "EXT 2024"]
[Source "ChessBase"]
[SourceDate "2023.10.10"]
[SourceVersion "1"]
[SourceVersionDate "2023.10.10"]
[SourceQuality "1"]

1. e4 c5 2. Nf3 d6 3. d4 cxd4 4. Nxd4 Nf6 5. Nc3 a6 6. Bc4 e6 7. Bb3 Be7 8. 0-0 0-0 9. f4 Nc6 10. Be3 Na5 11. Kh1 Nxb3 12. axb3 Qc7 13. f5 e5 14. Nf3 Bd7 15. Bg5 Bc6 16. Bxf6 Bxf6 17. Rf2 Rac8 18. Rd2 Be7 19. h3 Rfe8 20. Qe2 Bf8 21. Rad1 b5 22. b4 Bb7 23. Nd5 Bxd5 24. exd5 e4 25. Nd4 e3 26. Rd3 Qc4 27. Nc6 Qe4 28. Rf1 Be7 29. Rxe3 Qh4 30. Nxe7+ 1-0

[Event "Bogota University op 9th"]
[Site "Bogota"]
[Date "2015.10.10"]
[Round "5"]
[White "Ribero, Guillermo Andres"]
[Black "Prieto, Ernesto"]
[Result "1/2-1/2"]
[WhiteElo "1820"]
[BlackElo "2044"]
[PlyCount "46"]
[EventDate "2015.10.08"]
[EventType "swiss"]
[EventRounds "9"]
[EventCountry "COL"]
[SourceTitle "CBM 168 Extra"]
[Source "ChessBase"]
[SourceDate "2015.10.29"]
[SourceVersion "1"]
[SourceVersionDate "2015.10.29"]
[SourceQuality "1"]

1. e4 e5 2. Nf3 Nc6 3. d4 exd4 4. Nxd4 Nf6 5. Nxc6 bxc6 6. e5 Qe7 7. Qe2 Nd5 8. c4 Nb6 9. b3 a5 10. Ba3 c5 11. Nc3 Bb7 12. Qe3 0-0-0 13. 0-0-0 d6 14. Qh3+ Qe6 15. Qxe6+ fxe6 16. f3 Be7 17. exd6 cxd6 18. Re1 Rhe8 19. Bd3 g6 20. Kc2 Bf6 21. Be2 Bxc3 22. Kxc3 e5 23. Rd1 Kc7 1/2-1/2

[Event "Bogota University op 9th"]
[Site "Bogota"]
[Date "2015.10.08"]
[Round "2"]
[White "Prieto, Ernesto"]
[Black "Hernandez Sanchez, Jairo Andres"]
[Result "0-1"]
[WhiteElo "2044"]
[BlackElo "2369"]
[PlyCount "60"]
[EventDate "2015.10.08"]
[EventType "swiss"]
[EventRounds "9"]
[EventCountry "COL"]
[SourceTitle "CBM 168 Extra"]
[Source "ChessBase"]
[SourceDate "2015.10.29"]
[SourceVersion "1"]
[SourceVersionDate "2015.10.29"]
[SourceQuality "1"]

1. e4 c5 2. Nf3 Nc6 3. Nc3 g6 4. d4 cxd4 5. Nxd4 Bg7 6. Be3 Nf6 7. Be2 0-0 8. f4 d6 9. Nb3 a5 10. a3 a4 11. Nc1 Ra5 12. Bf3 Be6 13. Nd5 Rb5 14. 0-0 Rxb2 15. Nd3 Rb5 16. c4 Rb3 17. Rb1 Rxa3 18. Rxb7 Nd7 19. Bc1 Ra1 20. Bg4 Na5 21. Rc7 Nb3 22. Rxd7 Qxd7 23. f5 Bxd5 24. f6 Qa7+ 25. Kh1 Bxf6 26. exd5 Qd4 27. h3 Nxc1 28. Nxc1 Qxd1 29. Rxd1 Rxc1 30. Rxc1 a3 0-1

[Event "Medellin Flores op 22nd"]
[Site "Medellin"]
[Date "2015.08.07"]
[Round "5"]
[White "Prieto, Ernesto"]
[Black "Corredor Castellanos, Camilo"]
[Result "1/2-1/2"]
[WhiteElo "2094"]
[BlackElo "1835"]
[PlyCount "39"]
[EventDate "2015.08.05"]
[EventType "swiss"]
[EventRounds "9"]
[EventCountry "COL"]
[SourceTitle "EXT 2016"]
[Source "ChessBase"]
[SourceDate "2015.10.08"]
[SourceVersion "1"]
[SourceVersionDate "2015.10.08"]
[SourceQuality "1"]

1. e4 e5 2. Nf3 Nc6 3. Bb5 a6 4. Ba4 Nf6 5. Nc3 b5 6. Bb3 Be7 7. 0-0 d6 8. a3 Bg4 9. d3 Qd7 10. Ne2 Bxf3 11. gxf3 Qh3 12. Ng3 Nd4 13. Be3 Nxb3 14. cxb3 c5 15. Kh1 h5 16. Rg1 Rc8 17. Rc1 Qd7 18. b4 cxb4 19. Rxc8+ Qxc8 20. axb4 1/2-1/2

[Event "Medellin Flores op 22nd"]
[Site "Medellin"]
[Date "2015.08.06"]
[Round "2"]
[White "Garavito, Miguel Angel"]
[Black "Prieto, Ernesto"]
[Result "1/2-1/2"]
[WhiteElo "2269"]
[BlackElo "2094"]
[PlyCount "77"]
[EventDate "2015.08.05"]
[EventType "swiss"]
[EventRounds "9"]
[EventCountry "COL"]
[SourceTitle "EXT 2016"]
[Source "ChessBase"]
[SourceDate "2015.10.08"]
[SourceVersion "1"]
[SourceVersionDate "2015.10.08"]
[SourceQuality "1"]

1. d4 Nf6 2. Nf3 g6 3. g3 Bg7 4. Bg2 0-0 5. 0-0 d5 6. c4 c6 7. Qb3 dxc4 8. Qxc4 Nbd7 9. Qc2 Qb6 10. Nc3 Nd5 11. e4 Nb4 12. Qe2 Qa6 13. Qxa6 Nxa6 14. Rd1 Nb6 15. Bg5 Re8 16. Bf1 Bg4 17. Kg2 Nc7 18. h3 Be6 19. Rac1 Rac8 20. b3 h6 21. Be3 f5 22. Nh4 fxe4 23. Nxg6 Ncd5 24. Nxd5 Nxd5 25. Bc4 Kh7 26. Nf4 Nxf4+ 27. Bxf4 Bd5 28. Be2 Rf8 29. Kg1 Kg6 30. Bg4 e6 31. h4 h5 32. Bh3 Rf7 33. Rd2 Rcf8 34. Be3 a5 35. Bg2 b5 36. Re1 b4 37. Bg5 Kf5 38. Bh3+ Kg6 39. Bg2 1/2-1/2

[Event "Risarald op"]
[Site "Risarald"]
[Date "2015.06.13"]
[Round "3"]
[White "Prieto, Ernesto"]
[Black "Arango, Jesus Eduardo"]
[Result "1-0"]
[WhiteElo "2103"]
[BlackElo "1699"]
[PlyCount "34"]
[EventDate "2015.06.12"]
[EventType "swiss"]
[EventRounds "7"]
[EventCountry "COL"]
[SourceTitle "CBM 167 Extra"]
[Source "ChessBase"]
[SourceDate "2015.09.14"]
[SourceVersion "1"]
[SourceVersionDate "2015.09.14"]
[SourceQuality "1"]

1. e4 c6 2. Ne2 d5 3. e5 Bg4 4. f3 Bh5 5. Nf4 Bg6 6. h4 h5 7. Nxg6 fxg6 8. d4 e6 9. Bd3 Kf7 10. c3 Nh6 11. g4 Be7 12. g5 Nf5 13. Bf4 Nd7 14. Nd2 c5 15. Bxf5 gxf5 16. Qb3 Qb6 17. 0-0-0 g6 1-0

[Event "Bogota Navidad op"]
[Site "Bogota"]
[Date "2014.12.08"]
[Round "8"]
[White "Vittorino, Carlo Giovanni"]
[Black "Prieto, Ernesto"]
[Result "1-0"]
[WhiteElo "2322"]
[BlackElo "2098"]
[PlyCount "69"]
[EventDate "2014.12.04"]
[EventType "swiss"]
[EventRounds "9"]
[EventCountry "COL"]
[SourceTitle "CBM 163 Extra"]
[Source "ChessBase"]
[SourceDate "2014.12.23"]
[SourceVersion "1"]
[SourceVersionDate "2014.12.23"]
[SourceQuality "1"]

1. Nf3 Nf6 2. c4 g6 3. Nc3 d5 4. d4 Bg7 5. cxd5 Nxd5 6. e4 Nxc3 7. bxc3 0-0 8. Be2 c5 9. 0-0 cxd4 10. cxd4 Nc6 11. Be3 Bg4 12. d5 Ne5 13. Nxe5 Bxe2 14. Qxe2 Bxe5 15. Rab1 b6 16. f4 Bg7 17. Qb5 Qd6 18. e5 Qa3 19. Bc1 Qxa2 20. Rf2 Qa5 21. Qxa5 bxa5 22. Ra2 e6 23. d6 f6 24. Rb5 fxe5 25. fxe5 Rf5 26. Bb2 Raf8 27. h3 Bh6 28. Bd4 Bf4 29. g4 Rg5 30. Rf2 h5 31. Rxf4 Rxf4 32. Be3 Rb4 33. Rxb4 Rxe5 34. d7 Rd5 35. Rd4 1-0

[Event "Bogota University op 8th"]
[Site "Bogota"]
[Date "2014.10.09"]
[Round "2"]
[White "Prieto, Ernesto"]
[Black "Torres, Juan Camilo"]
[Result "1-0"]
[WhiteElo "2089"]
[BlackElo "2337"]
[PlyCount "59"]
[EventDate "2014.10.09"]
[EventType "swiss"]
[EventRounds "9"]
[EventCountry "COL"]
[SourceTitle "EXT 2015"]
[Source "ChessBase"]
[SourceDate "2014.11.20"]
[SourceVersion "1"]
[SourceVersionDate "2014.11.20"]
[SourceQuality "1"]

1. e4 c5 2. Nc3 a6 3. a4 Nc6 4. f4 g6 5. Nf3 Bg7 6. Bc4 e6 7. 0-0 Nge7 8. e5 d5 9. exd6 Qxd6 10. d3 b6 11. Ne4 Qc7 12. c3 0-0 13. Qe1 Na5 14. Ba2 Bb7 15. Qh4 Nf5 16. Qh3 Rad8 17. g4 Rxd3 18. Neg5 Nh6 19. f5 exf5 20. gxf5 Bc8 21. Nxh7 Bxf5 22. Nf6+ Bxf6 23. Qxh6 c4 24. Bf4 Qc5+ 25. Kg2 Re8 26. Rae1 Rxe1 27. Rxe1 Qc6 28. Re3 Bg4 29. Rxd3 Be7 30. Be5 1-0

[Event "Medellin Flores op 20th"]
[Site "Medellin"]
[Date "2014.08.08"]
[Round "5"]
[White "Martinez Zuluaica, Julian"]
[Black "Prieto, Ernesto"]
[Result "1-0"]
[WhiteElo "2213"]
[BlackElo "2104"]
[PlyCount "107"]
[EventDate "2014.08.06"]
[EventType "swiss"]
[EventRounds "9"]
[EventCountry "COL"]
[SourceTitle "CBM 162 Extra"]
[Source "ChessBase"]
[SourceDate "2014.10.17"]
[SourceVersion "1"]
[SourceVersionDate "2014.10.17"]
[SourceQuality "1"]

1. d4 Nf6 2. Nf3 g6 3. g3 Bg7 4. Bg2 0-0 5. 0-0 d5 6. c3 Nbd7 7. Re1 c5 8. Nbd2 b6 9. dxc5 bxc5 10. e4 Bb7 11. exd5 Bxd5 12. Ne5 Nxe5 13. Rxe5 Bxg2 14. Kxg2 Nd7 15. Re1 Ne5 16. Qe2 Rb8 17. Nf3 Qd5 18. Qe4 Qxe4 19. Rxe4 Nc6 20. Rc4 Nd8 21. Rxc5 Ne6 22. Rc6 Rfd8 23. b3 Rbc8 24. Rxc8 Rxc8 25. Bd2 Nc5 26. Re1 e6 27. c4 Rd8 28. Be3 Nd3 29. Re2 a6 30. Kf1 e5 31. Rd2 e4 32. Ng5 f5 33. Ne6 Rd7 34. Rd1 Be5 35. Ke2 Kf7 36. Nc5 Nxc5 37. Bxc5 Rxd1 38. Kxd1 g5 39. b4 Ke6 40. b5 axb5 41. cxb5 Kd5 42. Be7 Kc4 43. a4 Bd4 44. Ke2 h6 45. Bf8 h5 46. Be7 g4 47. Bd8 Kc5 48. Bg5 Kb4 49. Be3 Be5 50. b6 Ka5 51. Kd2 Ka6 52. Kc2 h4 53. Kb3 f4 54. gxf4 1-0

[Event "Medellin Flores op 20th"]
[Site "Medellin"]
[Date "2014.08.07"]
[Round "3"]
[White "Perdomo, Jefferson"]
[Black "Prieto, Ernesto"]
[Result "1-0"]
[WhiteElo "2002"]
[BlackElo "2104"]
[PlyCount "137"]
[EventDate "2014.08.06"]
[EventType "swiss"]
[EventRounds "9"]
[EventCountry "COL"]
[SourceTitle "CBM 162 Extra"]
[Source "ChessBase"]
[SourceDate "2014.10.17"]
[SourceVersion "1"]
[SourceVersionDate "2014.10.17"]
[SourceQuality "1"]

1. e4 e5 2. Nf3 Nc6 3. Bc4 Bc5 4. 0-0 d6 5. c3 Qe7 6. d4 Bb6 7. h3 Nf6 8. Re1 h6 9. Qd3 a6 10. a4 Bd7 11. Be3 0-0 12. d5 Nb8 13. Bxb6 cxb6 14. Qe3 Qd8 15. Nbd2 Be8 16. Nh4 Kh7 17. Nf5 Ng8 18. Bd3 g6 19. Ng3 Nd7 20. Bc2 Rc8 21. Rf1 f6 22. Kh2 Ne7 23. f4 Bf7 24. Bd3 Qc7 25. fxe5 fxe5 26. Nc4 Bg8 27. Be2 Rce8 28. Rxf8 Rxf8 29. Rf1 Rxf1 30. Nxf1 Nc5 31. b3 Kg7 32. Ncd2 Bf7 33. h4 Ng8 34. h5 Nf6 35. Ng3 Qd7 36. Qf3 Qd8 37. Bd1 Nxh5 38. Nxh5+ gxh5 39. Qg3+ Kh8 40. b4 Nd7 41. Nc4 Qf6 42. Qf3 Qh4+ 43. Kg1 Bg6 44. Nxd6 Nf6 45. Qf2 Qg5 46. Bf3 Qc1+ 47. Kh2 Qg5 48. Qg3 h4 49. Qxg5 hxg5 50. Nxb7 g4 51. Be2 Bxe4 52. c4 Bf5 53. Nd6 g3+ 54. Kg1 Bg6 55. Nc8 b5 56. cxb5 axb5 57. Ne7 Bf7 58. Bxb5 Bxd5 59. Ng6+ Kg7 60. Nxe5 Ne4 61. Bc6 Nc3 62. Bxd5 Nxd5 63. b5 Kf6 64. Nc4 Ke6 65. a5 Nc3 66. b6 Kd7 67. a6 Kc6 68. b7 Kc7 69. Nb6 1-0

[Event "COL-ch sf"]
[Site "Medellin"]
[Date "2014.??.??"]
[Round "5"]
[White "Ramirez, Benjamin Dario"]
[Black "Prieto, Ernesto"]
[Result "0-1"]
[WhiteElo "2235"]
[BlackElo "2081"]
[PlyCount "47"]
[EventDate "2014.04.15"]
[EventType "swiss"]
[EventRounds "11"]
[EventCountry "COL"]
[SourceTitle "CBM 160 Extra"]
[Source "ChessBase"]
[SourceDate "2014.07.01"]
[SourceVersion "1"]
[SourceVersionDate "2014.07.01"]
[SourceQuality "1"]

1. e4 e5 2. Nf3 Nc6 3. Bb5 a6 4. Ba4 Nf6 5. 0-0 Nxe4 6. Re1 Nc5 7. Bxc6 dxc6 8. Nxe5 Be7 9. d4 Ne6 10. c3 0-0 11. Be3 f6 12. Nd3 Re8 13. Nd2 Nf8 14. Qh5 Be6 15. f4 Qd5 16. Qe2 Bf7 17. Qf2 Be6 18. Nc1 Bd6 19. Ne2 Qb5 20. b3 Qd3 21. Nf1 Qc2 22. Red1 Nd7 23. Rd2 Qe4 24. Nfg3 0-1

[Event "Dosquebrad op 1st"]
[Site "Dosquebrad"]
[Date "2013.12.15"]
[Round "9"]
[White "Suasnabar, Jesus"]
[Black "Prieto, Ernesto"]
[Result "1/2-1/2"]
[WhiteElo "1998"]
[BlackElo "2108"]
[PlyCount "43"]
[EventDate "2013.12.11"]
[EventType "swiss"]
[EventRounds "9"]
[EventCountry "COL"]
[SourceTitle "CBM 158 Extra"]
[Source "ChessBase"]
[SourceDate "2014.02.28"]
[SourceVersion "1"]
[SourceVersionDate "2014.02.28"]
[SourceQuality "1"]

1. d4 Nf6 2. Nf3 g6 3. c4 Bg7 4. Nc3 d5 5. Bf4 0-0 6. Rc1 c6 7. e3 Qa5 8. Qd2 dxc4 9. Bxc4 b5 10. Bd3 b4 11. Ne2 Ba6 12. Bb1 Nd5 13. Be5 Nd7 14. Bxg7 Kxg7 15. 0-0 Rac8 16. Rfd1 Rfd8 17. Bd3 Bxd3 18. Qxd3 Qb5 19. Qxb5 cxb5 20. Rxc8 Rxc8 21. Rc1 Rxc1+ 22. Nxc1 1/2-1/2